| 000 | 00539nam a2200181 i 4500 | ||
|---|---|---|---|
| 001 | 135671 | ||
| 003 | ES-MaACL | ||
| 005 | 20230906194928.0 | ||
| 007 | t| | ||
| 008 | 070730s1967 sp ||||1| spa d | ||
| 080 | _a946.741"12" | ||
| 100 | 1 |
_aTorres Fontes, Juan. _9110958 |
|
| 245 | 1 | 3 |
_aLa reconquista de Murcia en 1266 por Jaime I de Aragón / _cJuan Torres Fontes. |
| 260 |
_aMurcia : _bDiputación, _c[1967] |
||
| 300 |
_a218 p. : _bil. ; _c20 cm. |
||
| 651 | 4 |
_aMurcia- _xHistoria. _99094 |
|
| 852 |
_aES-MaACL _jC-32838 _bR.63606 |
||
| 999 |
_c135671 _d135671 |
||